00790nam a2200253 a 4500001001300000003000900013005001700022008004100039020001000080082001500090100001700105245008100122260004900203300000900252500003500261505002400296650003300320650002100353700001700374902000800391942000700399952011500406999001500521nice12345678IN_TiNIC20260116011424.0050524s1961 newa grp 000 0 eng  ac28800a281.8bJOS aJoseph, John aNestorians and Their Muslim Neighborsb South of Western Influences on Their aNew JersybPrinceston University Pressc1961 a281p aincludes index and biblioraphy2 aBibliography, Index aIslam-Relations Christianity aNestorian Church1 aJoseph, John bSRS cBK 001040708StackRoom-aHMIbHMId2005-05-24g288.00l0o281.8 JOSp02634r2005-05-24v288.00w2005-05-24yBK c1384d1384